书目信息 |
| 题名: |
灵魂颗粒
|
|
| 作者: | 王久辛 著 | |
| 分册: | ||
| 出版信息: | 北京 作家出版社 2015.9 |
|
| 页数: | 299页 | |
| 开本: | 22cm | |
| 丛书名: | ||
| 单 册: | ||
| 中图分类: | I227.1 | |
| 科图分类: | ||
| 主题词: | 新诗--xin shi--中国--当代--作品集 | |
| 电子资源: | ||
| ISBN: | 978-7-5063-7770-6 | |
| 000 | 01036nam0 2200229 450 | |
| 001 | 0100004535 | |
| 005 | 20160329133807.9 | |
| 010 | @a978-7-5063-7770-6@b精装@dCNY39.00 | |
| 100 | @a20160108d2015 em y0chiy0121 ea | |
| 101 | 0 | @achi |
| 102 | @aCN@b110000 | |
| 105 | @ay z 000gy | |
| 106 | @ar | |
| 200 | 1 | @a灵魂颗粒@Aling hun ke li@f王久辛著 |
| 210 | @a北京@c作家出版社@d2015.9 | |
| 215 | @a299页@d22cm | |
| 330 | @a本书是军旅诗人王久辛的一本短诗集, 此书将作者历年来的手写短诗精选出来, 汇集成册。本书是诗人借丰富多彩的意象, 来与灵魂世界沟通, 获得世界的理解的可能。在诗中发掘出生命精神及其审美品格, 体现了现代性和复调多元的立体性。本书用颇具意味的抒情短章, 成熟而富有创造力和激情的笔法, 写出诗人自己独有的感受与思考, 使读者亦能在一些细微的事物中发现诗意。诗人是一位与时代的脉搏和心跳共振, 有使命感、责任感, 关注祖国与人类的生存状态和命运的歌者。 | |
| 606 | 0 | @a新诗@Axin shi@y中国@z当代@j作品集 |
| 690 | @aI227.1@v5 | |
| 701 | 0 | @a王久辛@Awang jiu xin@4著 |
| 801 | 0 | @aCN@c20160515 |
| 905 | @a河南城建学院图书馆@dI227.1@eW237 | |
| 灵魂颗粒/王久辛著.-北京:作家出版社,2015.9 |
| 299页;22cm |
| ISBN 978-7-5063-7770-6(精装):CNY39.00 |
| 本书是军旅诗人王久辛的一本短诗集, 此书将作者历年来的手写短诗精选出来, 汇集成册。本书是诗人借丰富多彩的意象, 来与灵魂世界沟通, 获得世界的理解的可能。在诗中发掘出生命精神及其审美品格, 体现了现代性和复调多元的立体性。本书用颇具意味的抒情短章, 成熟而富有创造力和激情的笔法, 写出诗人自己独有的感受与思考, 使读者亦能在一些细微的事物中发现诗意。诗人是一位与时代的脉搏和心跳共振, 有使命感、责任感, 关注祖国与人类的生存状态和命运的歌者。 |
| ● |
| 相关链接 |
|
|
|
正题名:灵魂颗粒
索取号:I227.1/W237
 
预约/预借
| 序号 | 登录号 | 条形码 | 馆藏地/架位号 | 状态 | 备注 |
| 1 | 1253033 | 212530331 | 自科二线504/422社科库 48排3列4层/ [索取号:I227.1/W237] | 在馆 | |
| 2 | 1253034 | 212530340 | 文学库108/108文学库 19排2列2层/ [索取号:I227.1/W237] | 在馆 | |
| 3 | 1253035 | 212530359 | 文学库108/108文学库 19排1列3层/ [索取号:I227.1/W237] | 在馆 |